Особенности геологического строения и металлогении Лениногорского района по геолого-геофизическим данным: Диссертация на соискание ученой степени кандидата геолого-минералогических наук; Спец. 130

التفاصيل البيبلوغرافية
المؤلف الرئيسي: Аношин Ю. К.
مؤلف مشترك: Восточно-Казахстанское ордена Трудового Красного Знамени геологическое управление Алтайская геофизическая экспедиция
مؤلفون آخرون: Кузебный В. С. (научный руководитель)
اللغة:الروسية
منشور في: Усть-Каменогорск, 1971
الموضوعات:
التنسيق: MixedMaterials كتاب
KOHA link:https://koha.lib.tpu.ru/cgi-bin/koha/opac-detail.pl?biblionumber=134200

MARC

LEADER 00000nbm0a2200000 4500
001 134200
005 20231031135608.0
035 |a (RuTPU)RU\TPU\book\145451 
090 |a 134200 
100 |a 20080326d1971 k y0rusy50 ca 
101 0 |a rus 
102 |a RU 
105 |a a m 001zy 
200 1 |a Особенности геологического строения и металлогении Лениногорского района по геолого-геофизическим данным  |e Диссертация на соискание ученой степени кандидата геолого-минералогических наук  |e Спец. 130  |f Ю. К. Аношин  |g Восточно-Казахстанское ордена Трудового Красного Знамени геологическое управление, Алтайская геофизическая экспедиция ; науч. рук. В. С. Кузебный 
210 |a Усть-Каменогорск  |d 1971 
215 |a 153 л.  |c ил. 
320 |a Библиогр.: с. 142-153 (130 назв.) 
610 1 |a диссертации 
610 1 |a металлогения 
610 1 |a Юго-Западный Алтай 
610 1 |a геолого-геофизическая изученность 
610 1 |a структурные особенности 
610 1 |a тектоника 
610 1 |a интрузивный магматизм 
610 1 |a руды 
610 1 |a рудопроявления 
610 1 |a классификации 
610 1 |a практические рекомендации 
675 |a 553.3/4(04)  |v 3 
700 1 |a Аношин  |b Ю. К. 
702 1 |a Кузебный  |b В. С.  |4 727 
712 0 2 |a Восточно-Казахстанское ордена Трудового Красного Знамени геологическое управление  |b Алтайская геофизическая экспедиция 
801 1 |a RU  |b 63413507  |c 20080326  |g PSBO 
942 |c BK